Statistics for Cage The Elephant Charting Songs (Billboard Hot Rock)

Click here to take the quiz!

General Stats

  • This quiz has been taken 67 times
    (3 since last reset)
  • The average score is 12 of 21

Answer Stats

AlbumWeeks OnPeakArtist(s)Song% Correct
Cage the Elephant20 Weeks#6Cage the ElephantAin't No Rest for the Wicked
100%
Social Cues20 Weeks#10Cage the ElephantBlack Madonna
100%
Melophobia26 Weeks#9Cage the ElephantCigarette Daydreams
100%
Tell Me I'm Pretty20 Weeks#22Cage the ElephantCold Cold Cold
100%
Cage the Elephant23 Weeks#3Cage the ElephantIn One Ear
100%
Social Cues26 Weeks#5Cage the ElephantSocial Cues
100%
Tell Me I'm Pretty27 Weeks#12Cage the ElephantTrouble
100%
Thank You, Happy Birthday20 Weeks#22Cage the ElephantAberdeen
50%
Melophobia30 Weeks#15Cage the ElephantCome a Little Closer
50%
Social Cues1 Week#35Cage the ElephantGoodbye
50%
Non-Album Single8 Weeks#31Cage the ElephantNeon Pill
50%
Social Cues3 Weeks#29Cage the Elephant ft. BeckNight Running
50%
Social Cues22 Weeks#7Cage the ElephantReady to Let Go
50%
Thank You, Happy Birthday46 Weeks#1Cage the ElephantShake Me Down
50%
Social Cues20 Weeks#25Cage the ElephantSkin and Bones
50%
Melophobia2 Weeks#46Cage the ElephantTake It or Leave It
50%
Tell Me I'm Pretty1 Week#44Cage the ElephantToo Late to Say Goodbye
50%
Thank You, Happy Birthday12 Weeks#27Cage the ElephantAround My Head
0%
Cage the Elephant31 Weeks#12Cage the ElephantBack Against the Wall
0%
Tell Me I'm Pretty21 Weeks#16Cage the ElephantMess Around
0%
Unpeeled14 Weeks#25Cage the ElephantWhole Wide World
0%

Score Distribution

Percentile by Number Answered

Percent of People with Each Score

Your Score History

You have not taken this quiz since the last reset